000 00620nam a2200145Ia 4500
008 220621s9999||||xx |||||||||||||| ||und||
020 _a9789610000000
022 _a1580-7401
100 _aVah Jevšnik, Mojca
245 0 _aBuilding Peace for a Living
_bExpatriate development workers in Kosovo
546 _aEnglish[eng]
650 _adevelopment projects||immigrants||Kosovo||social aspect||social status||work migration||delovna migracija||družbeni položaj||družbeni vidik||imigranti||priseljenci||razvojni projekti
856 _uhttps://omp.zrc-sazu.si/zalozba/catalog/view/554/2339/190-2
942 _cEB
999 _c36999
_d36999